Statistiques concernant Personnage historique mystérieux (avec une image cachée) n°2

Cliquez ici pour prendre le quiz!

Statistiques générales

  • Ce quiz a été pris 717 fois
  • Le résultat moyen est 4 sur 10

Réponses sur la Carte

Les réponses sont colorées sur une échelle allant du rouge au vert en fonction du pourcentage des utilisateurs qui les ont devinées à leur premier essai. Vous pouvez retrouver ces pourcentages ci-dessous.
 

Statistiques - réponses

IndicesRéponses% Correct
Maladie infectieuse ayant produit deux pandémie, dont une qualifiée de "noire"Peste
96%
Deuxième ville canadienne par la populationMontréal
81%
Roi de France notamment célèbre pour sa victoire à MarignanFrançois Ier
71%
Petit mammifère prisé pour sa fourrure don le nom dérive d'"Arménie"Hermine
34%
Chien utilisé pour le sauvetage en mer originaire d'une île Nord-AméricaineTerre-neuve
31%
Sous-préfecture d'Ille-et-Vilaine où naquit ChateaubriandSaint-Malo
30%
Fleuve dont l'estuaire est le plus grand du mondeSaint-Laurent
22%
Personnage mystèreJacques Cartier
14%
Nom donné à la Vice-Royauté de France en Amérique du NordNouvelle-France
12%
Type de navire, aussi appelé "caraque", caractéristique des grandes découvertes, avec la caravelleNef
7%

Distribution des résultats

Percentile par nombre de réponses

% des personnes avec chaque résultat

Votre développement - résultats

Vous n’avez pas pris ce quiz